[Event "34th Chess Olympiad (men)"]
[Site "Istanbul"]
[Date "2000.11.02"]
[Round "6.55.2"]
[White "Hawes, Jonathan"]
[Black "Rideout, Dan"]
[WhiteElo "2113"]
[BlackElo "2000"]
[WhiteCountry "JCI"]
[BlackCountry "BER"]
[Result "1-0"]

1. d4 Nf6 2. c4 e5 3. dxe5 Ng4 4. Bf4 Bb4+ 5. Nc3 Nc6 6. Nf3 Qe7 7. Qd5 f6 
8. exf6 Nxf6 9. Qd3 d6 10. e3 O-O 11. Be2 Ne4 12. O-O Nxc3 13. bxc3 Bc5 
14. Nd4 Ne5 15. Qd2 a6 16. Rae1 Bd7 17. Bg3 Rf7 18. f4 Ng4 19. Bf3 c6 
20. h3 Nf6 21. e4 Ne8 22. Kh2 g6 23. e5 dxe5 24. fxe5 Ng7 25. e6 Nxe6 
26. Nxe6 Bxe6 27. Re4 Qd7 28. Qe2 Bf5 29. Rd1 Qc8 30. Re5 Qf8 31. Bg4 Bd6 
32. Rxd6 Bxg4 33. Qxg4 Qxd6 34. Re8+ 
1-0

[Event "34th Chess Olympiad (men)"]
[Site "Istanbul"]
[Date "2000.11.02"]
[Round "6.55.3"]
[White "Ebbin, Larry"]
[Black "Khan, Mohammed"]
[WhiteElo "2000"]
[BlackElo "2197"]
[WhiteCountry "BER"]
[BlackCountry "JCI"]
[Result "1/2-1/2"]

1. e4 e5 2. Nf3 Nf6 3. Nc3 Nc6 4. d4 exd4 5. Nxd4 Nxd4 6. Qxd4 d6 7. Be2 Be7 
8. O-O O-O 9. Be3 Bd7 10. Nd5 Nxd5 11. exd5 Bf6 12. Qd2 Re8 13. Rad1 Bxb2 
14. Qb4 Bf6 15. Qxb7 a5 16. Qb1 Be5 17. f4 Bxf4 18. Rxf4 Rxe3 19. Bd3 Qg5 
20. Rdf1 Bh3 21. R4f2 f6 22. Qb7 Rae8 23. Qxc7 Rf3 24. Qc6 Rfe3 25. Qxd6 R3e5 
26. a3 f5 27. Bb5 Re1 28. Qf4 Rxf1+ 29. Bxf1 Qg6 30. c4 Bg4 31. Qd4 Rd8 
32. c5 f4 33. Qxf4 h5 34. Qc7 Rc8 35. Qxa5 Qg5 36. h3 Bxh3 37. c6 Rxc6 
38. Qb5 Rc8 39. Qb7 Bf5 40. d6 Rf8 41. Qd5+ Kh7 42. Bd3 Qc1+ 43. Kh2 g6 
44. Bxf5 gxf5 45. Rxf5 Rxf5 46. Qxf5+ Kg7 47. Qd7+ Kf6 48. Qe7+ Kf5 
49. Qf8+ Ke6 50. Qe7+ Kf5 51. d7 Qf4+ 52. Kg1 Qc1+ 53. Kf2 Qd2+ 54. Kf3 Qd1+ 
55. Kf2 Qd2+ 56. Kg1 Qc1+ 57. Kh2 Qf4+ 58. g3 Qf2+ 
1/2-1/2

[Event "34th Chess Olympiad (men)"]
[Site "Istanbul"]
[Date "2000.11.02"]
[Round "6.55.4"]
[White "Mcleod, Robert"]
[Black "Simmons, Kennedy"]
[WhiteElo "2000"]
[BlackElo "2000"]
[WhiteCountry "JCI"]
[BlackCountry "BER"]
[Result "1-0"]

1. e4 e5 2. Nf3 Nf6 3. Bc4 Bc5 4. Nc3 d6 5. h3 Nc6 6. d3 h6 7. Be3 Be6 
8. Bxe6 fxe6 9. Bxc5 dxc5 10. b3 a6 11. Na4 Qd6 12. Nb2 b5 13. a4 O-O 
14. c3 Nd7 15. O-O Rf6 16. axb5 Ne7 17. Nc4 
1-0

[Event "34th Chess Olympiad (men)"]
[Site "Istanbul"]
[Date "2000.11.02"]
[Round "6.56.1"]
[White "Siban, Michael"]
[Black "Abera, Yimam"]
[WhiteElo "2000"]
[BlackElo "2000"]
[WhiteCountry "SUR"]
[BlackCountry "ETH"]
[Result "1-0"]

1. e4 c5 2. Nf3 e6 3. d4 cxd4 4. Nxd4 Nf6 5. Bd3 a6 6. O-O Qc7 7. c4 Bc5 
8. Be3 O-O 9. Nc3 d6 10. Qe2 Nc6 11. Nxc6 Bxe3 12. Qxe3 bxc6 13. Qg3 e5 
14. Ne2 Be6 15. Kh1 Bg4 16. Nc3 Qd7 17. h3 Be6 18. Be2 Rae8 19. f4 exf4 
20. Rxf4 Kh8 21. Raf1 d5 22. e5 Ng8 23. cxd5 cxd5 24. Bxa6 Rb8 25. Qf2 Qc7 
26. Qe2 Qb6 27. b3 Ra8 28. Bd3 Qa5 29. Na4 Nh6 30. Rh4 Qd8 31. Qf2 Bf5 
32. Bxf5 Nxf5 33. Rf4 g6 34. g4 Nh6 35. e6 f5 36. Qd4+ Kg8 37. Qe3 Qe7 
38. Nc3 Rfd8 39. Rd4 Qh4 40. gxf5 Qh5 41. e7 Re8 42. Qe6+ Kh8 43. fxg6 Rxe7 
44. Qf6+ Rg7 45. Rh4 Qxg6 46. Qxg6 Rxg6 47. Rf2 Rd8 48. Rd2 Nf5 49. Rf4 Ng3+ 
50. Kh2 Rc8 51. Ne2 Nh5 52. Rfd4 Nf6 53. Nf4 Rg5 54. Nxd5 Nxd5 55. Rxd5 Rgg8 
56. b4 Ra8 57. b5 Rgb8 58. Rb2 Rb6 59. Rd4 Kg7 60. a4 Kf6 61. Re2 Rc8 
62. Re3 Kf5 63. Kg3 Rc2 64. Rd5+ Kf6 65. a5 Rb8 66. b6 Ra2 67. Kf4 Ra4+ 
68. Re4 Ra3 69. Rf5+ Kg6 70. Re6+ Kg7 71. Ref6 Ra4+ 72. Ke3 Rxa5 73. Rxa5 Kxf6 
74. Rb5 Ke6 75. b7 Kd6 76. Kf4 Kc7 77. Kg5 Rg8+ 78. Kh6 Kb8 79. h4 Rd8 
80. Kxh7 Rd7+ 81. Kg6 Rd6+ 82. Kg7 Rd7+ 83. Kf6 Rd6+ 84. Ke7 Rh6 85. h5 Rh7+ 
86. Kf8 Rh6 87. Kg7 Rd6 88. h6 Rd7+ 89. Kg8 Rd8+ 90. Kf7 Rd7+ 91. Ke8 Rh7 
92. Rb6 Rc7 93. Kf8 Rd7 94. Kg8 Rd8+ 95. Kg7 Rd7+ 96. Kg6 Rd1 97. h7 Rd8 
98. Rf6 Kxb7 99. Rf7+ Kb6 100. Kg7 
1-0

[Event "34th Chess Olympiad (men)"]
[Site "Istanbul"]
[Date "2000.11.02"]
[Round "6.56.2"]
[White "Hailu, Wossenyelew"]
[Black "Matoewi, Roger"]
[WhiteElo "2000"]
[BlackElo "2000"]
[WhiteCountry "ETH"]
[BlackCountry "SUR"]
[Result "1-0"]

1. d4 Nf6 2. c4 g6 3. Nc3 Bg7 4. e4 d6 5. f3 Nc6 6. Be3 O-O 7. Qd2 e5 8. d5 Ne7 
9. Bd3 Nd7 10. g4 f5 11. gxf5 gxf5 12. O-O-O f4 13. Bf2 Nf6 14. c5 a6 
15. Kb1 Bd7 16. Bc4 Kh8 17. Nge2 Ng6 18. Rhg1 Nh5 19. Nc1 Bf6 20. Nd3 Qe7 
21. Bb3 Bh4 22. Bxh4 Nxh4 23. Ne1 Bh3 24. c6 b6 25. Qe2 a5 26. Qf2 Rg8 
27. Rxg8+ Rxg8 28. Nb5 Ng2 29. Nc2 Nf6 30. Bc4 Ne8 31. Rg1 Qh4 32. Qxh4 Nxh4 
33. Rxg8+ Kxg8 34. Ne1 Kf7 35. Kc2 Ke7 36. Kd2 h6 37. Ke2 Kf6 38. Kf2 Kg5 
39. Be2 Kf6 40. Na7 Ke7 41. Ba6 Kd8 42. Bf1 Bxf1 43. Kxf1 Ke7 44. Kf2 Kf6 
45. Nb5 Kg5 46. Nc2 Kf6 47. Na7 Ke7 48. Na3 Kd8 49. N7b5 Nf6 50. Nxc7 Kxc7 
51. Nb5+ Kd8 52. Nxd6 Ng6 53. Nf7+ Kc7 54. Nxh6 Ne8 55. Kg2 Nd6 56. Kh3 b5 
57. Kg4 a4 58. h4 b4 59. h5 Nf8 60. b3 a3 61. Ng8 Nb5 62. Kf5 Nc3 63. Kxe5 Nxa2 
64. Ne7 Nc1 65. d6+ Kb6 66. c7 a2 67. c8Q a1Q+ 68. Kf5 
1-0

[Event "34th Chess Olympiad (men)"]
[Site "Istanbul"]
[Date "2000.11.02"]
[Round "6.56.3"]
[White "Gajadin, Dew"]
[Black "Alemu, Fikreselassie"]
[WhiteElo "2202"]
[BlackElo "2000"]
[WhiteCountry "SUR"]
[BlackCountry "ETH"]
[Result "0-1"]

1. e4 c5 2. Nf3 d6 3. d4 cxd4 4. Nxd4 Nf6 5. Nc3 a6 6. Bg5 e6 7. Qd2 Be7 
8. O-O-O Qc7 9. h3 Nc6 10. f4 h6 11. Bxf6 gxf6 12. f5 Ne5 13. Be2 h5 
14. Rdf1 Bd7 15. Kb1 O-O-O 16. fxe6 fxe6 17. Rf2 Kb8 18. Rhf1 h4 19. a3 Nc4 
20. Qd3 Rc8 21. Na2 Qb6 22. b3 e5 23. Nf5 Bxf5 24. Rxf5 Nxa3+ 25. Kb2 Rxc2+ 
26. Ka1 Rhc8 27. Rh5 d5 28. exd5 Bc5 29. Rxh4 Bd4+ 30. Rxd4 exd4 31. Bg4 R2c3 
32. Nxc3 Rxc3 33. Qd2 Nc2+ 34. Kb2 Qxb3+ 
0-1

[Event "34th Chess Olympiad (men)"]
[Site "Istanbul"]
[Date "2000.11.02"]
[Round "6.56.4"]
[White "Wondimu, Dawit"]
[Black "Treu, Auke"]
[WhiteElo "2000"]
[BlackElo "2000"]
[WhiteCountry "ETH"]
[BlackCountry "SUR"]
[Result "1-0"]

1. d4 Nf6 2. c4 g6 3. Nc3 d5 4. cxd5 Nxd5 5. e4 Nxc3 6. bxc3 Bg7 7. Nf3 O-O 
8. Be2 c5 9. Be3 Qc7 10. O-O Rd8 11. Qb3 cxd4 12. cxd4 Nc6 13. Rac1 Qa5 
14. d5 Ne5 15. Nxe5 Bxe5 16. Rc5 b5 17. Rxb5 Qc7 18. f4 Bg7 19. Rc5 Qd7 
20. Rfc1 e5 21. Rc7 Qe8 22. Bb5 Bd7 23. Bxd7 Rxd7 24. Rxd7 Qxd7 25. Qc4 exf4 
26. Bxf4 Qg4 27. Bg3 Re8 28. Re1 Rc8 29. Qe2 Bd4+ 30. Kf1 Qg5 31. Bf2 Qf6 
32. Qf3 Qa6+ 33. Qe2 Qf6 34. e5 Qf4 35. e6 Bxf2 36. Qxf2 Qxf2+ 37. Kxf2 fxe6 
38. Rxe6 Rd8 39. Re5 Kf7 40. Kf3 Rb8 41. h4 Kf6 42. Re6+ Kf7 43. Ra6 Rb7 
44. g4 Ke7 45. a3 Kf7 46. Kf4 Re7 47. d6 Rb7 48. Rc6 Ke6 49. Rc7 Rb3 
50. Rxa7 Kxd6 51. Rxh7 Rxa3 52. Rh6 Ke6 53. Rxg6+ Kf7 54. h5 Ra5 55. Rc6 Kg7 
56. h6+ Kh7 57. g5 Rb5 58. Kg4 Rb7 59. Kh5 Rb8 60. g6+ Kh8 61. Kg5 Kg8 
62. Rd6 Re8 63. Kf6 Rf8+ 64. Ke7 Kh8 65. g7+ Kh7 66. gxf8N+ 
1-0

[Event "34th Chess Olympiad (men)"]
[Site "Istanbul"]
[Date "2000.11.02"]
[Round "6.57.1"]
[White "Ndlovu, Ignatious"]
[Black "Battin, Richard"]
[WhiteElo "2000"]
[BlackElo "2020"]
[WhiteCountry "BOT"]
[BlackCountry "SEY"]
[Result "1-0"]

1. e4 e5 2. Nf3 Nc6 3. Bb5 d6 4. d4 exd4 5. Nxd4 Bd7 6. Nc3 Be7 7. Nde2 Ne5 
8. O-O Nf6 9. f4 Ng6 10. Bd3 c6 11. Kh1 O-O 12. Ng3 Qc7 13. Be3 Rfe8 
14. Qd2 Ng4 15. Bg1 Rad8 16. Rae1 Bh4 17. Rf3 Qa5 18. Ref1 Bc8 19. h3 Nh6 
20. f5 Ne5 21. Be3 d5 22. Bxh6 Nxf3 23. Rxf3 d4 24. Nd1 Qxd2 25. Bxd2 a6 
26. Ba5 Rd6 27. Bc7 Rd7 28. Bb6 Bxg3 29. Rxg3 Rd6 30. Nf2 f6 31. Bc4+ Kh8 
32. Bc5 Rd7 33. Rd3 
1-0

[Event "34th Chess Olympiad (men)"]
[Site "Istanbul"]
[Date "2000.11.02"]
[Round "6.57.2"]
[White "Renaud, Kenny"]
[Black "Molale, Ojentse"]
[WhiteElo "2000"]
[BlackElo "2104"]
[WhiteCountry "SEY"]
[BlackCountry "BOT"]
[Result "0-1"]

1. e4 e6 2. d4 d5 3. exd5 exd5 4. c4 Nf6 5. Nf3 Be7 6. Be2 O-O 7. Nc3 a6 
8. O-O dxc4 9. Bxc4 b5 10. Be2 Bb7 11. Be3 Nbd7 12. Rc1 b4 13. Nb1 Nd5 
14. Qb3 Nxe3 15. fxe3 c5 16. Rcd1 Qb6 17. d5 a5 18. Bc4 Ba6 19. e4 a4 
20. Qd3 Bxc4 21. Qxc4 Bf6 22. Rd2 Ne5 23. Nxe5 Bxe5 24. Re2 Qh6 25. h3 Bd4+ 
26. Kh1 g5 27. e5 g4 28. Qd3 gxh3 29. gxh3 Rae8 30. Qf5 Kh8 31. d6 Re6 
32. Nd2 Bxb2 33. d7 Bc3 34. Nc4 Kg8 35. Rg2+ Rg6 36. e6 Bf6 37. Qxf6 Qxh3+ 
38. Rh2 
0-1

[Event "34th Chess Olympiad (men)"]
[Site "Istanbul"]
[Date "2000.11.02"]
[Round "6.57.3"]
[White "Samuel, Boipuso"]
[Black "Kimende, Ralph"]
[WhiteElo "2117"]
[BlackElo "2202"]
[WhiteCountry "BOT"]
[BlackCountry "SEY"]
[Result "1-0"]

1. e4 c5 2. c3 d5 3. exd5 Qxd5 4. d4 Nc6 5. Nf3 Bg4 6. Be2 e6 7. O-O Nf6 
8. h3 Bh5 9. Na3 cxd4 10. Nb5 Rc8 11. Nbxd4 Bd6 12. g4 Nxd4 13. Nxd4 Bg6 
14. Qa4+ Ke7 15. Rd1 Qc5 16. Be3 Qe5 17. Nf3 Qe4 18. Qxa7 Rhd8 19. Rd4 Qc6 
20. Rc4 Qd7 21. Rxc8 Rxc8 22. c4 e5 23. Rd1 Qc6 24. c5 Bb8 25. Qa3 Be4 
26. Nh4 Kf8 27. f3 Bd5 28. Kf2 h5 29. g5 Nd7 30. Qd3 Be6 31. Qh7 Bxh3 
32. Qh8+ Ke7 33. Qxg7 Nf8 34. Bc4 Be6 35. Qf6+ Ke8 36. Nf5 Ng6 37. Ng7+ Kf8 
38. Nxe6+ 
1-0

[Event "34th Chess Olympiad (men)"]
[Site "Istanbul"]
[Date "2000.11.02"]
[Round "6.57.4"]
[White "Pothin, Victor"]
[Black "Kealeboga, Baone"]
[WhiteElo "2000"]
[BlackElo "2000"]
[WhiteCountry "SEY"]
[BlackCountry "BOT"]
[Result "0-1"]

1. d4 Nf6 2. c4 e5 3. Bg5 exd4 4. Qxd4 Be7 5. Nc3 Nc6 6. Qd2 O-O 7. Bxf6 Bxf6 
8. e3 d6 9. a3 Bf5 10. Nf3 Na5 11. Qd5 Nb3 12. Qxf5 Nxa1 13. Bd3 g6 14. Qb5 c6 
15. Qa4 Qb6 16. Qb4 Qxb4 17. axb4 a5 18. b5 Bxc3+ 19. bxc3 cxb5 20. O-O bxc4 
21. Bxc4 Nc2 22. Bd3 Rfc8 23. Bxc2 Rxc3 24. Be4 Rb8 25. g3 b5 26. Rd1 Rb6 
27. Bd5 b4 28. Nd4 a4 29. Ra1 Ra3 30. Rxa3 bxa3 31. Nc2 a2 32. Kg2 Rb2 
33. Be4 Rxc2 34. Bxc2 a1Q 
0-1

[Event "34th Chess Olympiad (men)"]
[Site "Istanbul"]
[Date "2000.11.02"]
[Round "6.58.1"]
[White "Li Ying, Denis"]
[Black "Corbin, Philip"]
[WhiteElo "2090"]
[BlackElo "2228"]
[WhiteCountry "MRI"]
[BlackCountry "BAR"]
[Result "0-1"]

1. e4 c5 2. Nf3 Nc6 3. Bb5 g6 4. O-O Bg7 5. d3 Nf6 6. Nc3 O-O 7. e5 Ng4 
8. Bxc6 bxc6 9. Bf4 Qb6 10. Qd2 f6 11. exf6 Nxf6 12. Rab1 d6 13. Bh6 Bg4 
14. Bxg7 Kxg7 15. Qe3 e5 16. Ng5 Nh5 17. Nge4 Qc7 18. b4 d5 19. Nxc5 Nf4 
20. Qg3 h5 21. h3 Bf5 22. Rfe1 Kh6 23. h4 Rae8 24. Ne2 Bg4 25. Qe3 Bxe2 
26. Rxe2 Kh7 27. Ree1 Qc8 28. Qg3 Rf5 29. Qh2 g5 30. g3 Ng6 31. hxg5 Rxg5 
32. d4 e4 33. b5 Qg4 34. bxc6 Nh4 35. Re3 Nf3+ 36. Rxf3 exf3 37. c7 Qxd4 
38. c8Q Rxc8 39. Ne6 Qe5 40. Nxg5+ Qxg5 41. Qh3 Qg4 42. Qf1 Rxc2 43. Qd3+ Qe4 
44. Rb7+ Kg8 45. Rb8+ Kf7 46. Rb7+ Kf6 47. Qa6+ Qe6 48. Qa5 Rc1+ 
0-1

[Event "34th Chess Olympiad (men)"]
[Site "Istanbul"]
[Date "2000.11.02"]
[Round "6.58.2"]
[White "Austin, Dirk"]
[Black "Chinasamy, Devarajen"]
[WhiteElo "2000"]
[BlackElo "2020"]
[WhiteCountry "BAR"]
[BlackCountry "MRI"]
[Result "0-1"]

1. c4 e5 2. Nc3 Nf6 3. Nf3 Nc6 4. g3 g6 5. Bg2 Bg7 6. Rb1 O-O 7. O-O d5 
8. cxd5 Nxd5 9. d3 h6 10. Bd2 Be6 11. a3 a5 12. Ne4 Qe7 13. Qc1 Kh7 14. Nc5 Bc8 
15. b4 axb4 16. axb4 b6 17. Qc4 Nf6 18. Nb3 Bb7 19. b5 Na5 20. Nxa5 bxa5 
21. Ng5+ hxg5 22. Bxb7 Rab8 23. Bg2 Nd7 24. Bxa5 Nb6 25. Qc6 Rfd8 26. Rfc1 Rdc8 
27. Bh3 f5 28. g4 Qf7 29. Qf3 f4 30. Bg2 Bf8 31. Qc6 Bd6 32. Ra1 Rd8 
33. Bf3 Kh6 34. Bc3 Qe6 35. Ra6 Qb3 36. Rca1 Nd7 37. R6a5 Bc5 38. Ra6 Bd6 
39. R6a5 Bc5 40. Be1 Bd6 41. Bd5 Qb2 42. R1a2 Qd4 43. Bc3 Qb6 44. Ra6 Qxb5 
45. Bf3 Qb1+ 46. Kg2 Qd1 47. Ra1 Qb3 48. d4 Rb5 49. R6a5 Rb6 50. Qd5 Qxc3 
51. h4 Qxd4 52. hxg5+ Kg7 53. Ra8 Qxd5 54. Bxd5 Rxa8 55. Rxa8 Rb8 56. Ra1 Nb6 
57. Bc6 Nc8 58. Kf3 Ne7 59. Be4 Rb3+ 60. Bd3 Nc6 61. Ra8 Nb4 62. Rb8 Rc3 
63. Ke4 Nxd3 64. exd3 Rc5 65. Rd8 Be7 66. Rd7 Kf7 67. f3 Ke6 68. Rd4 exd4 
69. Kxd4 
0-1

[Event "34th Chess Olympiad (men)"]
[Site "Istanbul"]
[Date "2000.11.02"]
[Round "6.58.3"]
[White "Seegolam, Pradeep"]
[Black "Elson, Askari"]
[WhiteElo "2000"]
[BlackElo "2000"]
[WhiteCountry "MRI"]
[BlackCountry "BAR"]
[Result "1/2-1/2"]

1. e4 d5 2. exd5 Nf6 3. d4 Nxd5 4. Nf3 Bf5 5. c3 e6 6. Bd3 Bxd3 7. Qxd3 Nd7 
8. O-O Be7 9. Re1 O-O 10. Nbd2 c5 11. Nf1 cxd4 12. Nxd4 Nc5 13. Qc2 Rc8 
14. Qe2 a6 15. Be3 Qc7 16. Rad1 Rfd8 17. Bc1 b5 18. a3 Qb7 19. Qf3 Nf6 
20. Qh3 a5 21. b4 Na4 22. Ne2 axb4 23. cxb4 Rd7 24. Ne3 Rdc7 25. Ng4 Nc3 
26. Nxf6+ Bxf6 27. Nxc3 Rxc3 28. g3 Rc2 29. Qg2 Qxg2+ 30. Kxg2 Bc3 31. Re3 Kf8 
32. Red3 Bxb4 33. Bg5 Be7 34. Bxe7+ Kxe7 35. Rb3 R2c5 36. Rdb1 Ra8 37. Rd3 Ra7 
38. Rb4 Rd7 39. Rdb3 Rdd5 40. a4 bxa4 41. Rxa4 Rc2 42. Ra7+ Rd7 43. Ra1 f5 
44. Rab1 Rdd2 45. Rf1 h6 46. Ra3 Re2 47. h3 e5 48. g4 f4 49. Kf3 Kf6 
50. Ra6+ Kf7 51. Ra3 g5 52. Ra7+ Ke6 53. Ra6+ Kd5 54. Ra5+ Kc6 55. Ra4 Kd5 
56. Ra5+ Kc4 57. Ra4+ Kd3 58. Rd1+ Red2 59. Rxd2+ Rxd2 60. Ra3+ Kd4 
61. Ra4+ Kd5 62. Ra5+ Ke6 63. Ra6+ Kd5 64. Ra5+ Kd4 65. Ra4+ Kc3 66. Re4 Rd3+ 
67. Kg2 Rd5 68. f3 Kd2 69. Kf2 Ra5 70. Kg2 Kc3 71. Kg1 Kc2 72. Kg2 Ra3 
73. Rxe5 Re3 74. Rd5 Rd3 75. Re5 Kd2 76. Kf2 Re3 77. Rd5+ Rd3 78. Re5 Re3 
1/2-1/2

[Event "34th Chess Olympiad (men)"]
[Site "Istanbul"]
[Date "2000.11.02"]
[Round "6.58.4"]
[White "Taitt, Junior"]
[Black "Mansoor, Jamil"]
[WhiteElo "2000"]
[BlackElo "2205"]
[WhiteCountry "BAR"]
[BlackCountry "MRI"]
[Result "1-0"]

1. d4 Nf6 2. c4 e6 3. Nc3 b6 4. Bg5 Be7 5. Qc2 Bb7 6. e4 d5 7. e5 Nfd7 
8. cxd5 exd5 9. Be3 Bb4 10. f4 c5 11. Nf3 Nc6 12. a3 Bxc3+ 13. bxc3 cxd4 
14. cxd4 Rc8 15. Qf5 Qe7 16. Be2 Qe6 17. Qd3 Ne7 18. Bd2 a5 19. Rb1 Rc7 
20. O-O O-O 21. Ng5 Qf5 22. Qg3 Nf6 23. exf6 Qxf6 24. Qh3 h6 25. Nf3 Nf5 
26. Ne5 Nxd4 27. Bd3 Bc8 28. Qe3 Nc2 29. Qxb6 Qxb6+ 30. Rxb6 Nxa3 31. Bxa5 Nc4 
32. Nxc4 dxc4 33. Rb4 Rc5 34. Bb6 Rc6 35. Bxc4 Bf5 36. Bd4 Rd8 37. Be5 Bd3 
38. Bxd3 Rxd3 39. Rd4 Ra3 40. Rd2 Ra5 41. Rb1 Ra7 42. Rb8+ Kh7 43. f5 h5 
44. h4 f6 45. Rdd8 g6 46. Rh8+ Kg7 47. Rhg8+ Kf7 48. fxg6+ Ke6 49. Bg3 Rc2 
50. Rb5 f5 51. Rb6+ Kd5 52. g7 Rd7 53. Rbb8 
1-0

[Event "34th Chess Olympiad (men)"]
[Site "Istanbul"]
[Date "2000.11.02"]
[Round "6.59.1"]
[White "Righi, Ezio"]
[Black "Carrera, Alhan"]
[WhiteElo "2118"]
[BlackElo "2135"]
[WhiteCountry "SMR"]
[BlackCountry "PAN"]
[Result "1/2-1/2"]

1. e4 c5 2. Nc3 d6 3. g3 Nc6 4. Bg2 g6 5. d3 Bg7 6. Nh3 Nf6 7. O-O e5 8. Kh1 h5 
9. Bg5 Be6 10. Nd5 Bd5 11. ed5 Ne7 12. f4 Nh7 13. Be7 Qe7 14. f5 O-O-O 
15. Qd2 Kb8 16. Rab1 Rc8 17. c4 Nf6 18. fg6 fg6 19. Qg5 h4 20. g4 
1/2-1/2

[Event "34th Chess Olympiad (men)"]
[Site "Istanbul"]
[Date "2000.11.02"]
[Round "6.59.2"]
[White "Cedeno, Ahmed"]
[Black "Volpinari, Danilo"]
[WhiteElo "2095"]
[BlackElo "2084"]
[WhiteCountry "PAN"]
[BlackCountry "SMR"]
[Result "1-0"]

1. e4 e5 2. Nf3 Nc6 3. d4 exd4 4. Nxd4 Bc5 5. Nb3 Bb6 6. Bd3 d6 7. O-O h6 
8. Nc3 a6 9. Nd5 Ba7 10. Be3 Nf6 11. Bxa7 Rxa7 12. Ne3 O-O 13. c3 Re8 
14. f3 Ra8 15. Rc1 Bd7 16. Nd4 Qe7 17. Nef5 Bxf5 18. Nxf5 Qe5 19. Bb1 Ne7 
20. Nd4 Rad8 21. g3 c5 22. Ne2 Nc6 23. Kg2 Qe7 24. c4 b5 25. cxb5 axb5 
26. Nc3 Nd4 27. Qd3 b4 28. Nd5 Nxd5 29. exd5 Qe2+ 30. Rf2 Qxd3 31. Bxd3 Re3 
32. Bc4 Rde8 33. Rd1 Kf8 34. Rd3 Nf5 35. Rdd2 Re1 36. Kh3 g5 37. g4 Nd4 
38. Kg2 R8e3 39. h3 Kg7 40. f4 Kf6 41. fxg5+ Kxg5 42. Rxf7 Kh4 43. Rf6 Kg5 
44. Rxd6 Nf3 45. Rc2 Nd4 46. Rf2 Ne2 47. Rf5+ 
1-0

[Event "34th Chess Olympiad (men)"]
[Site "Istanbul"]
[Date "2000.11.02"]
[Round "6.59.3"]
[White "Renzi, Nicola"]
[Black "Gardellini, Arnulfo"]
[WhiteElo "2000"]
[BlackElo "2000"]
[WhiteCountry "SMR"]
[BlackCountry "PAN"]
[Result "1-0"]

1. d4 d5 2. Nf3 Nf6 3. Bf4 c5 4. e3 e6 5. c3 Nc6 6. Nbd2 Be7 7. Bd3 Nh5 
8. Be5 Nf6 9. Bf4 cxd4 10. exd4 O-O 11. Ne5 Bd6 12. Qf3 Bxe5 13. dxe5 Nd7 
14. Qh3 f5 15. Nf3 Nc5 16. O-O-O Bd7 17. g4 Ne4 18. gxf5 Nxf2 19. Qg2 Nxd1 
20. Rg1 Rf7 21. f6 Nxb2 22. Bxh7+ Kxh7 23. Qg6+ 
1-0

[Event "34th Chess Olympiad (men)"]
[Site "Istanbul"]
[Date "2000.11.02"]
[Round "6.59.4"]
[White "Miranda, Adrian"]
[Black "Cecchetti, Roberto"]
[WhiteElo "2000"]
[BlackElo "2000"]
[WhiteCountry "PAN"]
[BlackCountry "SMR"]
[Result "1-0"]

1. e4 d5 2. d4 dxe4 3. Nc3 Nf6 4. Bc4 c6 5. Nge2 Bg4 6. Be3 e6 7. Qd2 Bb4 
8. h3 Bh5 9. a3 Qa5 10. O-O Bxc3 11. bxc3 Nd5 12. Nf4 Bg6 13. Rfb1 b5 
14. Bxd5 cxd5 15. Qe2 a6 16. h4 h5 17. Bd2 Qc7 18. a4 bxa4 19. Rxa4 Nc6 
20. Rxa6 O-O 21. Rbb6 Rxa6 22. Qxa6 Rc8 23. Nxg6 fxg6 24. Bf4 Qxf4 
25. Qxc8+ Kh7 26. Qxe6 Qc1+ 27. Kh2 Qf4+ 28. Kh3 Ne7 29. Qe5 Qg4+ 30. Kh2 Nf5 
31. Rb1 Qxh4+ 32. Kg1 Qg4 33. Re1 Nh4 34. Qg3 Qxg3 35. fxg3 Nf5 36. Kf2 g5 
37. Ra1 Kg6 38. Ra6+ Kf7 39. Ra5 Ne7 40. c4 dxc4 41. Rxg5 Nc6 42. c3 g6 
43. Ke3 Ne7 44. Kxe4 Ke6 45. Re5+ Kd6 46. Rxe7 Kxe7 47. Kd5 Kd7 48. Kxc4 Kc6 
49. d5+ Kd6 50. Kd4 Kc7 51. Ke5 g5 52. Ke6 Kd8 53. Kd6 Kc8 54. Ke7 
1-0

[Event "34th Chess Olympiad (men)"]
[Site "Istanbul"]
[Date "2000.11.02"]
[Round "6.60.1"]
[White "Luga, Allan"]
[Black "Leicher, Helmuth"]
[WhiteElo "2000"]
[BlackElo "2000"]
[WhiteCountry "PNG"]
[BlackCountry "NAM"]
[Result "1/2-1/2"]

1. e4 e5 2. Nf3 Nc6 3. Bb5 a6 4. Bxc6 dxc6 5. O-O Bg4 6. d3 Bd6 7. Nbd2 Qd7 
8. Qe1 O-O-O 9. Qe3 Kb8 10. Nc4 f6 11. Bd2 Ne7 12. b4 Ng6 13. a4 Nf4 14. g3 Ne6 
15. Nxd6 Qxd6 16. b5 Qc5 17. Qxc5 Nxc5 18. Be3 Bxf3 19. Bxc5 b6 20. Be3 axb5 
21. axb5 cxb5 22. Rfb1 Kb7 23. Rxb5 Ra8 24. Rbb1 Rxa1 25. Rxa1 Ra8 26. Rc1 Ra2 
27. Kf1 c5 28. Ke1 Kc6 29. Kd2 Ra3 30. Rb1 b5 31. Rb2 Ra1 32. Kc3 b4+ 
33. Kc4 Bg4 34. Bxc5 
1/2-1/2

[Event "34th Chess Olympiad (men)"]
[Site "Istanbul"]
[Date "2000.11.02"]
[Round "6.60.2"]
[White "Nakapunda, Otto"]
[Black "Press, Shaun"]
[WhiteElo "2157"]
[BlackElo "2000"]
[WhiteCountry "NAM"]
[BlackCountry "PNG"]
[Result "1-0"]

1. d4 Nf6 2. c4 g6 3. Nf3 Bg7 4. g3 O-O 5. Bg2 d6 6. O-O Nbd7 7. Nc3 c5 
8. e4 Rb8 9. Re1 a6 10. a4 Qc7 11. e5 dxe5 12. dxe5 Ng4 13. Nd5 Qd8 14. Bf4 e6 
15. Nf6+ Bxf6 16. exf6 Ra8 17. Ne5 Ngxe5 18. Bxe5 Nxe5 19. Qxd8 Rxd8 
20. Rxe5 Rb8 21. Rxc5 b6 22. Rc7 Rd7 23. Rxd7 Bxd7 24. b3 h5 25. Rd1 Be8 
26. h4 Kh7 27. f4 a5 28. Kf2 Rc8 29. Rd6 Rb8 30. Ke3 Kg8 31. Kd4 Kh7 
32. Bc6 Bxc6 33. Rxc6 Rd8+ 34. Ke4 Rd1 35. Rxb6 Rc1 36. Rd6 Rb1 37. Rd3 Rc1 
38. Kd4 g5 39. hxg5 Kg6 40. c5 e5+ 41. fxe5 Kxg5 42. Rc3 
1-0

[Event "34th Chess Olympiad (men)"]
[Site "Istanbul"]
[Date "2000.11.02"]
[Round "6.60.3"]
[White "Albis, Jeppers"]
[Black "Richter, Hannes"]
[WhiteElo "2000"]
[BlackElo "2000"]
[WhiteCountry "PNG"]
[BlackCountry "NAM"]
[Result "0-1"]

1. d4 d5 2. c4 e6 3. Nc3 Nf6 4. Bg5 Nbd7 5. Nf3 c6 6. c5 Be7 7. e3 O-O 
8. Bd3 Ne8 9. Bf4 f5 10. h4 Nef6 11. Ng5 Nb8 12. Be5 Qe8 13. Bxf6 gxf6 
14. Nh3 e5 15. Qc2 e4 16. Be2 Kh8 17. Nf4 Rg8 18. Bh5 Qf8 19. O-O-O Na6 
20. Rdg1 Nc7 21. Qd1 Ne6 22. Nxe6 Bxe6 23. Ne2 b6 24. Nf4 Bd7 25. g4 bxc5 
26. g5 Bd6 27. g6 Bxf4 28. exf4 Qh6 29. gxh7 Kxh7 30. dxc5 Qxf4+ 31. Kb1 Qh6 
32. Bf7 Rg7 33. h5 Rg5 34. Qd4 Qg7 35. Bg6+ Kh6 36. Qe3 Qe7 37. f4 Rxg1+ 
38. Rxg1 Rg8 39. Rg3 Rg7 40. Kc2 Be8 41. Qg1 Qd7 42. Qd4 Qd8 43. Qg1 Qd7 
44. Rg5 Qe7 45. Rxf5 Bd7 46. Qg4 Qxc5+ 47. Kb1 Qe7 48. Kc2 e3 49. Kd1 d4 
50. b3 d3 51. Qg5+ fxg5 52. fxg5+ Qxg5 53. Rxg5 Kxg5 54. Bxd3 Bg4+ 
0-1

[Event "34th Chess Olympiad (men)"]
[Site "Istanbul"]
[Date "2000.11.02"]
[Round "6.60.4"]
[White "Hanemaaijer, Teunis"]
[Black "Marko, Helmut"]
[WhiteElo "2000"]
[BlackElo "2205"]
[WhiteCountry "NAM"]
[BlackCountry "PNG"]
[Result "1/2-1/2"]

1. e4 d6 2. d4 Nf6 3. Nc3 g6 4. Nf3 Bg7 5. Bc4 O-O 6. O-O Nxe4 7. Bxf7+ Rxf7 
8. Nxe4 Nc6 9. c3 e5 10. Nfg5 Rf8 11. dxe5 Nxe5 12. Qd5+ Kh8 13. f4 c6 
14. Qxd6 Qb6+ 15. Qc5 Nd3 16. Qxb6 axb6 17. g3 h6 18. Nf3 Be6 19. Nf2 Nxc1 
20. Rfxc1 Bxa2 21. Nd3 Be6 22. Nfe5 Bxe5 23. Nxe5 Kg7 24. Re1 Kf6 25. Kf2 Rfd8 
26. Rxa8 Rxa8 27. Nxg6 Ra2 28. Ne5 Rxb2+ 29. Re2 Rb3 30. Re3 b5 31. g4 b4 
32. cxb4 Rxb4 33. Kg3 b5 34. Nxc6 Ra4 35. h4 Bf7 36. g5+ hxg5 37. hxg5+ Kg7 
38. Re7 Kf8 39. Rb7 Bd5 40. Rb8+ Kg7 41. Rb7+ Kf8 42. Rb8+ Kg7 43. Ne5 Ra3+ 
44. Kf2 Ra4 45. Nd3 Rd4 46. Ke3 Re4+ 47. Kf2 Rd4 48. Ke3 Re4+ 
1/2-1/2

[Event "34th Chess Olympiad (men)"]
[Site "Istanbul"]
[Date "2000.11.02"]
[Round "6.61.1"]
[White "Calangi, Zachary Alexander"]
[Black "Rowe, Peter"]
[WhiteElo "2183"]
[BlackElo "2092"]
[WhiteCountry "MAC"]
[BlackCountry "GCI"]
[Result "1-0"]

1. e4 Nc6 2. d4 d5 3. e5 Bf5 4. c3 e6 5. Nf3 h5 6. Bf4 Nge7 7. Bg5 Qd7 
8. Nh4 Ng6 9. Nxf5 exf5 10. Be2 h4 11. h3 Be7 12. Qd2 Nd8 13. a4 Ne6 
14. Bxe7 Qxe7 15. O-O Ngf4 16. Bf3 g5 17. Kh2 Rd8 18. Na3 a6 19. b4 Rg8 
20. g4 hxg3+ 21. fxg3 Nxh3 22. Kxh3 g4+ 23. Bxg4 fxg4+ 24. Kg2 Ng5 25. Rf5 Nf3 
26. Qf4 Rg7 27. Rh1 Kd7 28. Nc2 Rdg8 29. Ne3 c6 30. Rf6 Qe8 31. Rhh6 Kd8 
32. Nf5 
1-0